Možnosti použitia Theilovho indexu pri meraní sociálnych nerovností
Možnosti použitia Theilovho indexu na analyzovanie nerovnosti v rozdelení spotrebných výdavkov vzhľadom na existujúce disparity medzi populačnými podmnožinami. Nerovnosť v rozdelení spotrebných výdavkov je rozložená na vnútroskupinovú a medziskupinovú zložku pomocou rozkladu Theilovho indexu. Rozkla...
Gespeichert in:
| 1. Verfasser: | |
|---|---|
| Format: | Buchkapitel |
| Sprache: | Slowakisch |
| Schlagworte: | |
| Tags: |
Keine Tags, Fügen Sie das erste Tag hinzu!
|
MARC
| LEADER | 00000nla a2200000 4500 | ||
|---|---|---|---|
| 001 | 0209789 | ||
| 005 | 20240502083523.8 | ||
| 041 | 0 | |a slo | |
| 044 | |a CZ | ||
| 245 | 1 | 0 | |a Možnosti použitia Theilovho indexu pri meraní sociálnych nerovností |c Viera Labudová |
| 520 | |a Možnosti použitia Theilovho indexu na analyzovanie nerovnosti v rozdelení spotrebných výdavkov vzhľadom na existujúce disparity medzi populačnými podmnožinami. Nerovnosť v rozdelení spotrebných výdavkov je rozložená na vnútroskupinovú a medziskupinovú zložku pomocou rozkladu Theilovho indexu. Rozklad je uskutočnený podľa pohlavia, súčasnej ekonomickej aktivity a najvyššieho dokončeného vzdelania osoby stojacej na čele domácnosti a podľa typu obce, kraja a typu domácnosti. | ||
| 610 | 2 | 0 | |a nerovnosť sociálna |
| 610 | 2 | 0 | |a domácnosti |
| 610 | 2 | 0 | |a spotreba domácností |
| 610 | 2 | 0 | |a príjmy domácností |
| 610 | 2 | 0 | |a výdavky obyvateľstva |
| 610 | 2 | 0 | |a indexy |
| 610 | 2 | 0 | |a účty rodinné |
| 610 | 2 | 0 | |a štatistika |
| 100 | 1 | |a Labudová, Viera, 1958- | |